Countries Starting With A - One Minute Sprint - Statistics

General Stats
  • This quiz has been taken 188 times
  • The average score is 9 of 12
Answer Stats
country % Correct
Angola
87%
Australia
87%
Algeria
86%
Armenia
86%
Azerbaijan
86%
Austria
84%
Andorra
81%
Albania
80%
Argentina
80%
Afghanistan
76%
Antigua and Barbuda
76%
Aruba
28%
No matching quizzes found
Score Distribution
Percent of People with Each Score
Percentile by Number Answered
Your Score History
You have not taken this quiz